LEADER 00931nam1 2200325 4500 001 990000919480203316 035 $a0091948 035 $aUSA010091948 035 $a(ALEPH)000091948USA01 035 $a0091948 100 $a20020129d1981----km-y0ENGy0103----ba 101 $ager 102 $aDE 200 1 $aPhilosophie der Gegenwart 210 $aGottingen$cVandenhoeck & Ruprecht$dc1981-1985 215 $a6 v.$d19 cm 225 2 $aGrundprobleme der grossen philosophen 410 $12001$aGrundprobleme der grossen philosophen 606 $aFilosofia$zSec. 20. 676 $a190.904 801 0$aIT$bsalbc$gISBD 912 $a990000919480203316 951 $aII i A COLL.18/147$bLM$cII i A 959 $aBK 969 $aUMA 979 $aPATTY$b90$c20020129$lUSA01$h1043 979 $c20020403$lUSA01$h1735 979 $aPATRY$b90$c20040406$lUSA01$h1703 996 $aPhilosophie der Gegenwart$9477252 997 $aUNISA LEADER 00993nam1-2200361---450- 001 990000703240203316 005 20101122143709.0 035 $a0070324 035 $aUSA010070324 035 $a(ALEPH)000070324USA01 035 $a0070324 100 $a20011022g19829999km-y0itay0103----ba 101 $apor 102 $aPT 105 $a||||||||001yy 200 1 $a<> cultura em Portugal$eteoria e história 210 $aAmadora$cBertrand$d1982 215 $av.$d21 cm 607 0 $aPortogallo$xCultura 676 $a946.9 700 1$aSARAIVA,$bAntónio José$0397348 801 0$aIT$bsalbc$gISBD 912 $a990000703240203316 951 $aII.6.B.$bDSLL 959 $aBK 969 $aDSLL 979 $aPATRY$b90$c20011022$lUSA01$h2142 979 $c20020403$lUSA01$h1719 979 $aPATRY$b90$c20040406$lUSA01$h1648 979 $aDSLL$b90$c20101122$lUSA01$h1231 979 $aDSLL$b90$c20101122$lUSA01$h1437 996 $aCultura em Portugal$9961559 997 $aUNISA